| 000 | 01252cam a2200373 i 4500 | ||
|---|---|---|---|
| 999 |
_c200447087 _d65299 |
||
| 001 | 200447087 | ||
| 003 | TR-AnTOB | ||
| 005 | 20230306153018.0 | ||
| 007 | ta | ||
| 008 | 030318s2002 tu b 000 0 tur d | ||
| 020 | _a9759267608 | ||
| 040 |
_aBGZ _beng _erda _cBGZ _dTR-AnTOB |
||
| 041 | 0 | _atur | |
| 050 | 1 | 4 |
_aHG3968.25 _b.E494 2002 |
| 090 |
_aHG3968.25 _b.E494 2002 |
||
| 100 | 1 |
_aEkzen, Nazif _eauthor _9129363 |
|
| 245 | 1 | 0 |
_aHukuksal ve ekonomik yönleriyle Türkiye'nin kambiyo rejimi hakkında bir değerlendirme / _cNazif Ekzen, Servet Taşdelen. |
| 264 | 1 |
_aAnkara : _bÜlke Politikaları Vakfı, _c2002. |
|
| 300 |
_av, 98 paages ; _c24 cm |
||
| 336 |
_atext _btxt _2rdacontent |
||
| 337 |
_aunmediated _bn _2rdamedia |
||
| 338 |
_avolume _bnc _2rdacarrier |
||
| 490 | 0 |
_aÜlke Politikaları Vakfı yayını ; _v1 |
|
| 504 | _aBIB | ||
| 650 | 7 |
_aKambiyo _zTürkiye _2etuturkob _920430 |
|
| 650 | 7 |
_aKambiyo yönetimi _2etuturkob _9108320 |
|
| 650 | 7 |
_aKredi _zTürkiye _2etuturkob _965989 |
|
| 650 | 7 |
_aPara _zTürkiye _2etuturkob _918284 |
|
| 651 | 7 |
_aTürkiye _xEkonomik durum _y1960- _2etuturkob _965270 |
|
| 700 | 1 |
_aTaşdelen, Servet _eauthor _9135348 |
|
| 942 |
_2lcc _cBK |
||